Normal view
MARC view
Entry Personal Name
001 - CONTROL NUMBER
- control field: 8018
003 - CONTROL NUMBER IDENTIFIER
- control field: OSt
005 - DATE AND TIME OF LATEST TRANSACTION
- control field: 20190809060125.0
008 - FIXED-LENGTH DATA ELEMENTS
- fixed length control field: 190809|| aca||aabn | a|a d
040 ## - CATALOGING SOURCE
- Original cataloging agency: OSt
- Transcribing agency: OSt
100 ## - HEADING--PERSONAL NAME
- Personal name: Galster, George
670 ## - SOURCE DATA FOUND
- Source citation: Work cat.: (OSt): Galster, George, Why shrinking cities are not mirror images of growing cities: a research agenda of six testable propositions, 2019
